За конституцията на Европа (Запис номер 114038)
[ съкратено ]
| 000 -Лидер | |
|---|---|
| Контролно поле с фиксирана дължина | 01782nam a2200421 c 4500 |
| 003 - Код на организацията, давaща контролен номер | |
| Контролно поле | BLK |
| 005 - Дата и час на последна редакция | |
| Контролно поле | 20180422110204.0 |
| 008 - Елементи от данни с фиксирана дължина | |
| fixed length control field | 180409b bul|||||r ||||||| ||bul|| |
| 010 ## - Наследен системен номер | |
| LC control number | KNG00119459000 |
| 020 ## - Международен стандартен номер на книга ISBN | |
| Международен стандартен номер на книга ISBN | 978-954-587-161-0 |
| -- | издат.: КХ |
| 040 ## - Източник на каталожния запис | |
| Идентификатор на билиотеката - собственик на записа | BLK |
| 041 ## - Код за език | |
| Код за езика на текст/звукозапис или на отделно заглавие | Български |
| Код за езика КДБФ | Български |
| 072 #7 - Код за тематичната категория | |
| Код организация | bullib |
| Код за тематична категория | Н34 |
| Текст | Право Н |
| 072 #7 - Код за тематичната категория | |
| Код организация | bullib |
| Код за тематична категория | Т030401 |
| Текст | Европейски съюз. Правни аспекти |
| 080 ## - УДК | |
| Текстов определител УДК | Конституции. Законодателни събрания. Народни събрания |
| УДК код - определител по УДК | 342.4 |
| УДК определител | (4) |
| УДК - код + определител | 342.4(4) |
| 080 ## - УДК | |
| Текстов определител УДК | Европейски съюз - политически аспекти |
| УДК код - определител по УДК | 327.7:061.1ЕС |
| УДК определител | |
| УДК - код + определител | 327.7:061.1ЕС |
| 100 1# - Редна дума - Автор | |
| Автор | Хабермас, Юрген |
| Авторска отговорност | първи автор |
| R(LIN) | 135321 |
| 139 ## - Редно поле | |
| Редна дума | Хабермас, Юрген |
| Авторски знак | Ха - Х 12 |
| 245 10 - Сведения за заглавието | |
| Заглавие | За конституцията на Европа |
| Подзаглавни данни | Опит |
| Редно поле (дума) | Юрген Хабермас; прев. от нем. Стилиян Йотов. |
| 257 ## - Страна на издаване | |
| Страна на създаване/издаване | Германия |
| 260 ## - Област на издателските данни | |
| -- | София |
| Име на издателя, разпространителя и проч. | КХ |
| Година на издаване | 2011 |
| 300 ## - Физическа характеристика | |
| Страници | 184 с. |
| Размери/Мащаб | 20 см |
| 380 ## - Жанр | |
| Жанр | Обществени науки |
| 490 1# - СЕРИИ (Колекции) | |
| Име на серия | Varius |
| 500 ## - Общи забележки | |
| Забележка | Ориг. загл. Zur Verfassung Europas : Ein essay / Jurgen Habermas. - Съдържа и Европа на Федералната република. - Библиогр. под линия. |
| 650 #4 - Допълнително описание по предмет – тема | |
| Основно описание – тема или топоним | Европейски съюз - конституция |
| 9 (RLIN) | 282825 |
| 653 ## - Ключова дума – ненормативна | |
| Ключова дума | Европейски съюз |
| 653 ## - Ключова дума – ненормативна | |
| Ключова дума | международно право |
| 653 ## - Ключова дума – ненормативна | |
| Ключова дума | конституции |
| 659 ## - Тематичен бюлетин | |
| Тематичен бюлетин | Е |
| 659 ## - Тематичен бюлетин | |
| Тематичен бюлетин | Н |
| 700 1# - Други автори (авторска отговорност) | |
| Лично име | Йотов, Стилиян |
| Автороска отговорност (Описва отношението между автора и произведението) | прев. от нем. |
| 9 (RLIN) | 376106 |
| 852 ## - Местоположение | |
| Форматна сигнатура | Цб 255489 |
| 856 4# - Електронен адрес и достъп | |
| Електронен формат | pdf - файл |
| Път до файла /url/ | |
| 856 4# - Електронен адрес и достъп | |
| Електронен формат | pdf - файл |
| Път до файла /url/ | |
| 942 ## - АРТИКУЛИ | |
| Вид на библиотечния материал | Книги |
| Скрит в OPAC | Не |
| 944 ## - СЪЗДАВАНЕ И РЕДАКЦИЯ на ЗАПИСА | |
| Създаване/Редакция | Създаване |
| Дата на регистрацията/редакция | 20.06.2012 |
| Служител, извършил регистрацията/редакцията | Пенка_Димитрова |
| 944 ## - СЪЗДАВАНЕ И РЕДАКЦИЯ на ЗАПИСА | |
| Създаване/Редакция | Редакция |
| Дата на регистрацията/редакция | 06.11.2013 |
| Служител, извършил регистрацията/редакцията | |
| 999 ## - СИСТЕМНИ КОНТРОЛНИ НОМЕРА | |
| Koha biblionumber | 114038 |
| Koha biblioitemnumber | 114038 |
| Код за отписване | Код за изгубен артикул | Код за повреда | Коз за рестрикции | Код за отдаване | Артикулен № | Име на библиотеката - собственик | Име на библиотеката, в която се намира в момента | Статус (Текущо местоположение) | Дата на вписване в системата | Местоположение - отдел | Цена в лева | Инвентарен номер | Систематично азбучна сигнатура | Баркод | Номер на екземпляра | Цена в евро | Служебна бележка | Служебен тип на артикула |
|---|---|---|---|---|---|---|---|---|---|---|---|---|---|---|---|---|---|---|
| Не е изгубен | Не е повреден | без рестрикции | заемане за дома | 182423 | Регионална библиотека "Любен Каравелов" Русе | Регионална библиотека "Любен Каравелов" Русе | Заемна - подръчен фонд | 2012-06-18 | Заемна - подръчен фонд | 12.00 | 120000758435 | П 342/Х 12 | 120000758435 | 1 | 6.14 | Дост: DA Вид: А N: 11 Дата: 18.06.2012 Дата инв: 05.02.2018 Бележки инв: П2018 | Книги | |
| Не е изгубен | Не е повреден | без рестрикции | заемане за дома | 182424 | Регионална библиотека "Любен Каравелов" Русе | Регионална библиотека "Любен Каравелов" Русе | Заемна - подръчен фонд | 2012-06-18 | Заемна - подръчен фонд | 12.00 | 120000758436 | П 342/Х 12 | 120000758436 | 2 | 6.14 | Дост: DA Вид: А N: 11 Дата: 18.06.2012 Дата инв: 05.02.2018 Бележки инв: П2018 | Книги | |
| Не е изгубен | Не е повреден | без рестрикции | заемане за дома | 182425 | Регионална библиотека "Любен Каравелов" Русе | Регионална библиотека "Любен Каравелов" Русе | Заемна - подръчен фонд | 2012-06-18 | Заемна - подръчен фонд | 12.00 | 120000758437 | П 342/Х 12 | 120000758437 | 3 | 6.14 | Дост: DA Вид: А N: 11 Дата: 18.06.2012 Дата инв: 06.02.2018 Бележки инв: П2018 | Книги | |
| Не е изгубен | Не е повреден | без рестрикции | заемане за дома | 182426 | Регионална библиотека "Любен Каравелов" Русе | Регионална библиотека "Любен Каравелов" Русе | Заемна - подръчен фонд | 2012-06-18 | Заемна - подръчен фонд | 12.00 | 120000758438 | П 342/Х 12 | 120000758438 | 4 | 6.14 | Дост: DA Вид: А N: 11 Дата: 18.06.2012 Дата инв: 06.02.2018 Бележки инв: П2018 | Книги | |
| Не е изгубен | Не е повреден | без рестрикции | ползва се в читалня | 182427 | Регионална библиотека "Любен Каравелов" Русе | Регионална библиотека "Любен Каравелов" Русе | Хранилище | 2013-11-06 | Хранилище | 12.00 | 120000771206 | Цб 255489 | 120000771206 | 5 | 6.14 | Дост: Dp Вид: Д N: 40 Дата: 02.10.2012 | Книги |